000 00624nam a22002057a 4500
005 20140904105153.0
010 _aENG-110716
020 _a9788120349889
_c250.00
035 _aEN-94248
037 _bDBAD/PUB
082 _a005
100 _aNair,Vijayakumaran K.
245 _aInformatics /
_cby Vijayakumaran Nair K. [and] Vinod Chandra S.S.
260 _aDelhi
_bPHI Learning
_c2014
270 _aRimjhim House, 111, Patparganj Industrial Estate
_bDelhi
_e110092
300 _ax,230p. :
_c24cm(pbk)
_bill.
500 _aIncludes index
700 _aVinod Chandra S.S.
942 _2ddc
_cEN
_mNAI
_h005
999 _c88267
_d88267